• 首页
  • 本馆介绍
  • 公告通知
  • 最新文献
  • 馆藏检索
  • 电子资源
  • 读者导购
  • 参考咨询
  • 我的图书馆
  • 登录
  • 详细信息显示
  • 放入我的书架
  • 预约/预借图书
  • 作者相关作品
  • 分类相关作品
  • 丛书相关作品
  • 出版社相关作品

书目信息

  • 表格格式
  • 工作单格式
  • 卡片格式
题名:
苏曼殊小说集
    
 
作者: 苏曼殊 著 ;浙江人民出版社 编
分册:  
出版信息: 杭州   浙江人民出版社  1981
页数: 213页
开本: 19cm
丛书名:
单 册:
中图分类: I246.7 , I242.7
科图分类:
主题词: 短篇小说--中国--现代--选集 , 小说--中国
电子资源:
ISBN:
000 00766nam0 2200277 45
001 0181001812
005 20030105001655.5
010    @dCNY0.48
091    @a10103.223
100    @a19950605d1981 em y0chiy0121 ea
101 0  @achi
102    @aCN@b330000
105    @ay z 000ay
106    @ar
200 10 @a苏曼殊小说集@Asu man shu xiao shuo ji@f苏曼殊@g浙江人民出版社编
210    @a杭州@c浙江人民出版社@d1981
215    @a213页@d19cm
606    @a短篇小说@y中国@z现代@x选集
606 0  @a小说@x中国
690    @aI246.7@v3
690    @aI242.7
701  0 @a苏曼殊@Asu man shu@4著
712 02 @a浙江人民出版社@Azhe jiang ren min chu ban she@4编
801  0 @aCN@b上海图书馆@c20030105
801  2 @aCN@bNLC@c20030105
905    @f4@b75081-084@dI242.7@e1
    
    苏曼殊小说集/苏曼殊/浙江人民出版社编.-杭州:浙江人民出版社,1981
    213页;19cm
    
    
    ISBN :CNY0.48
    
●
相关链接 在E读中查询图书 在五车中查询图书 在当当中查询图书 在豆瓣中查询图书


正题名:苏曼殊小说集     索取号:I242.7/1         预约/预借

序号 登录号 条形码 馆藏地/架位号 状态 备注
1 0075081   000105371   密集书库/ [索取号:I242.7/1] 在馆    
2 0075082   000105353   第二借阅区/ [索取号:I242.7/1] 在馆    
3 0075083   000105362   密集书库/ [索取号:I242.7/1] 在馆    
4 0075084   000105399   密集书库/ [索取号:I242.7/1] 在馆    
5 0075085   000105380   第一样本阅览室/ [索取号:I242.7/1] 在馆    
唐山师范学院图书馆 欢迎您!
大连网信软件有限公司© 版权所有